Cartografía cultural del Wallmapu. Elementos para descolonizar el mapa en territorio mapuche

Uloženo v:
Podrobná bibliografie
Hlavní autoři: Melin Pehuen, Miguel Angel (autor), Royo Letelier, Manuela (Autor)
Další autoři: Mansilla Quiñones, Pablo Arturo (autor)
Médium: Kniha
Jazyk:španělština
Vydáno: Santiago, Chile Lom 2019
Témata:
Tagy: Přidat tag
Žádné tagy, Buďte první, kdo vytvoří štítek k tomuto záznamu!

MARC

LEADER 00000cam a2200000 a 4500
001 UCC8415
003 CL-VaPUC
005 20240802152116.0
008 190628e20190000cl |||||||||||||||||spa|d
999 |c 374747  |d 374745 
020 |a 9789560011374 
040 |c Pontificia Universidad Católica de Valparaíso 
082 0 4 |a 306.0983 MEL 2019  |2 21 
100 |a Melin Pehuen, Miguel Angel  |e autor  |9 603097 
245 1 0 |a Cartografía cultural del Wallmapu.   |b Elementos para descolonizar el mapa en territorio mapuche 
260 |a Santiago, Chile   |b Lom  |c 2019 
300 |a 143 páginas  
583 |a last modification  |c 20190628 11:06:00  |k Rodrigo Vera 
650 0 |a Patrimonio cultural  |9 309364 
650 0 |a Cultura mapuche  |9 471053 
650 7 |a TERRITORIALIDAD  |2 CL-VaPUC  |9 382029 
700 |a Mansilla Quiñones, Pablo Arturo  |e autor  |9 834027 
700 0 |a Royo Letelier, Manuela  |e author  |9 603099 
852 |a BIBING 
942 |c BK  |2 ddc 
945 |d 20190628 11:06:00  |a dcastane 
952 |0 0  |1 0  |3 erb  |4 0  |6 306_098300000000000_MEL_2019  |7 0  |8 A  |9 493455  |a BIBING  |b BIBING  |d 2019-06-26  |e 47  |g 13800.00  |i 5554527  |l 2  |o 306.0983 MEL 2019  |p 5554527  |r 2025-01-20  |s 2023-03-20  |v 13800.00  |w 2019-11-24  |y BK  |z Catalogado en:20190628  |k GEO 
952 |0 0  |1 0  |3 erb  |4 0  |6 306_098300000000000_MEL_2019  |7 0  |8 A  |9 493456  |a BIBING  |b BIBING  |d 2019-06-26  |e 47  |g 13800.00  |i 5554519  |l 2  |m 1  |o 306.0983 MEL 2019  |p 5554519  |r 2025-04-21  |s 2025-04-21  |v 13800.00  |w 2019-11-24  |y BK  |z Catalogado en:20190628  |k GEO 
952 |0 0  |1 0  |3 erb  |4 0  |6 306_098300000000000_MEL_2019  |7 0  |8 A  |9 493457  |a BIBING  |b BIBING  |d 2019-06-26  |e 47  |g 13800.00  |i 5554500  |o 306.0983 MEL 2019  |p 5554500  |r 2025-01-20  |v 13800.00  |w 2019-11-24  |y BK  |z Catalogado en:20190628  |k GEO 
952 |0 0  |1 0  |3 erb  |4 0  |6 306_098300000000000_MEL_2019  |7 0  |8 A  |9 493458  |a BIBING  |b BIBING  |d 2019-06-26  |e 44  |g 15000.00  |i 5554497  |o 306.0983 MEL 2019  |p 5554497  |r 2025-01-20  |v 15000.00  |w 2019-11-24  |y BK  |z Catalogado en:20190628  |k GEO